| 000 | 00912nam a22002417a 4500 | ||
|---|---|---|---|
| 005 | 20240530110612.0 | ||
| 008 | 161119s2015 ua a g b 000 0 ara d | ||
| 017 |
_a2014/20643 _bمصر . دار الكتب |
||
| 020 | _a9789774279393 | ||
| 040 | _aEG-CaGPL | ||
| 082 | 0 | 4 |
_221 _a370.15\ _bح م |
| 100 | 0 | _aحسن شحاتة | |
| 245 | 1 | 2 |
_aالمرجع فى علم النفس المعرفي واستراتيجيات التدريس / _cحسن شحاتة . |
| 250 | _aط. 2 | ||
| 260 |
_aالقاهرة : _bالدار المصرية اللبنانية ، _c2015 . |
||
| 300 |
_a350 ص. : _bجداول ؛ _c24 سم |
||
| 504 | _aببليوجرافية : ص 347 - 350 | ||
| 650 | 0 | 7 |
_2qrmak _aعلم النفس التربوي |
| 650 | 0 | 7 |
_2qrmak _aعلم النفس التطبيقي |
| 650 | 0 | 7 |
_2qrmak _aالتعليم _xطرق تدريس |
| 942 |
_2ddc _cBK |
||
| 999 |
_c62874 _d62874 |
||